claude françois zoo de Vincennes paroles - Statistiques

Statistiques générales
  • Ce quiz a été pris 7 fois
  • Le résultat moyen est 151 sur 275
Statistiques - réponses
Réponse % Correct
de
100%
le
100%
Vincennes
100%
zoo
100%
à
80%
du
80%
pour
80%
au
60%
bien
60%
et
60%
il
60%
ils
60%
je
60%
les
60%
metro
60%
on
60%
prend
60%
sa
60%
si
60%
singes
60%
un
60%
une
60%
va
60%
amuser
40%
arbres
40%
aux
40%
avec
40%
beau
40%
bébé
40%
cacahuète
40%
ce
40%
c'est
40%
comme
40%
dans
40%
debout
40%
dormirais
40%
dors
40%
est
40%
être
40%
fait
40%
fatigué
40%
flip
40%
grandes
40%
honk
40%
honky
40%
j'avais
40%
jour
40%
jours
40%
kangourou
40%
40%
l'éléphant
40%
leur
40%
leve
40%
levé
40%
lêve
40%
l'heure
40%
lit
40%
longue
40%
mercredi
40%
oreilles
40%
oui
40%
partout
40%
pendant
40%
pendante
40%
phoque
40%
plus
40%
poche
40%
que
40%
qu'est
40%
queue
40%
qui
40%
qu'on
40%
retournera
40%
s'amuser
40%
saute
40%
se
40%
s'est
40%
Swinguent
40%
tôt
40%
toujours
40%
trompe
40%
ventre
40%
croquent
20%
fou
20%
mais
20%
noisettes
20%
pendent
20%
peut
20%
poisson
20%
regarde
20%
rentrer
20%
serré
20%
souffler
20%
vois
20%
Aucun quiz correspondant
Distribution des résultats
% des personnes avec chaque résultat
Percentile par nombre de réponses
Votre historique - résultats
Vous n’avez pas pris ce quiz